You've got the wrong girl / (Record no. 102112)

MARC details
000 -LEADER
fixed length control field 00528nam a22001817a 4500
005 - DATE AND TIME OF LATEST TRANSACTION
control field 20160810160326.0
010 ## - LCCN (DPL NO)
LC control number ENG-115709
020 ## - INTERNATIONAL STANDARD BOOK NUMBER
International Standard Book Number 9789350095805
Terms of availability 350.00
035 ## - SYSTEM CONTROL NUMBER
System control number EN-99241
037 ## - SOURCE OF ACQUISITION
Source of stock number/acquisition DBAD/PUB
082 ## - DEWEY DECIMAL CLASSIFICATION NUMBER
Classification number N
100 ## - MAIN ENTRY--PERSONAL NAME
Personal name Kundu,Sreemoyee Piu
245 ## - TITLE STATEMENT
Title You've got the wrong girl /
Statement of responsibility, etc by Sreemoyee Piu Kundu
260 ## - PUBLICATION, DISTRIBUTION, ETC. (IMPRINT)
Place of publication, distribution, etc Gurgoan
Name of publisher, distributor, etc Hachette Book
Date of publication, distribution, etc 2015
270 ## - ADDRESS
Address 4th & 5th Floors Corporate Center,Plot N0-94,Sector 44
City Gurgaon
Postal code 122003
300 ## - PHYSICAL DESCRIPTION
Extent viii,336p
Dimensions 23cm(pbk)
942 ## - ADDED ENTRY ELEMENTS (KOHA)
Source of classification or shelving scheme Dewey Decimal Classification
Item type English Books
Classification part N
Call number suffix KUN
Holdings
Withdrawn status Lost status Not for loan Collection code Home library Current library Date acquired Source of acquisition Cost, normal purchase price Full call number Barcode Copy number Cost, replacement price Koha item type
      Non-fiction Bawana Bawana 10/08/2016 DBAD/PUB 350.00 N KUN EN-99241 1 350.00 English Books

© Delhi Public Library
Hit Counter
free hit counter